| 000 | 00880nam a22002657a 4500 | ||
|---|---|---|---|
| 003 | PE SENCICO BE | ||
| 005 | 20251020182623.0 | ||
| 008 | 221222b |||||||| |||| 00| 0 eng d | ||
| 020 | _a978-958-778-348-3 | ||
| 040 |
_aPE SENCICO BE _cPE SENCICO BE |
||
| 041 | _aspa | ||
| 082 |
_a658.38 _bR92 |
||
| 100 | 1 |
_9347 _aRueda Ortiz, Maury Javier _eautor |
|
| 245 | 1 |
_aManual de ergonomía y seguridad / _cMaury Javier Rueda Ortiz, Mónica Zambrano Vélez |
|
| 250 | _a2a ed. | ||
| 260 |
_aBogotá: _bAlfaomega, _c2018 |
||
| 300 |
_axvii, 265 p. : _bil. ; _c24 cm. |
||
| 650 | 1 | 4 |
_996 _aSeguridad industrial |
| 650 | 2 | 4 |
_9348 _aAccidentes de trabajo |
| 650 | 2 | 4 |
_9349 _aErgonomía |
| 650 | 2 | 0 |
_9348 _aAccidentes de trabajo _xPrevención |
| 700 | 1 |
_9350 _aZambrano Vélez, Mónica _eautor |
|
| 910 |
_bhfp _chfp |
||
| 942 |
_2ddc _cLIB _e2018 _h658.38 _iR92 |
||
| 999 |
_c3722 _d3722 |
||